000 00813nam a2200205Ia 4500
005 20241216011308.0
008 190429s9999||||xx |||||||||||||| ||und||
082 _a669
_bA71
100 _aARIAS MALLQUI WALTER HUGO
245 0 _aESTUDIO DE FACTIBILIDAD PARA LA INSTALACION DE UNA PLANTA 2000 TMPD EN LA COMPAÑIA MINERA SAN VALENTIN S.A
250 _a0
260 _aCERRO DE PASCO-PERU
_bUNDAC
_c2009
300 _a142 pag.
_c30 cm.
341 _h0
490 _v0
_a0
505 _aTECNOLOGIA Y LOCALIZACION DEL PROYECTO/TAMAÑO E INGENIERIA DEL PROYECTO/ESTUDIO DEL IMPACTO AMBIENTAL PARA LA INSTALACION DE LA PLANTA CONCENTRADORA SAN PEDRO DE 2000 TMPD/EVALUACION ECONOMICA YFINANCIERA
541 _aD
_bARIAS MALLQUI WALTER HUGO
_d07-Aug-09
_oSoles
650 _aIngenieria Metalurgica
942 _cTESIS
999 _c37995
_d37995